00365nam a2200121Ia 4500008004100000041000800041082001200049100001400061245009900075260003300174300001900207999001700226241015s9999 xx 000 0 und d aeng a771 JAY aJayaraman aClearing The Digital Blur : How Organizations Can Transform Themselves At The Speed Of Digital bWiley IndiaaNew Delhic2019 a340;. P. 25 cm c41830d41830